LEADER 01734nam0 22004091i 450 001 VAN00018415 005 20251030020711.810 010 $a08-7893-819-2 100 $a20040624d1991 |0itac50 ba 101 $aita 102 $aIT 105 $a|||| ||||| 181 $ai$b e 182 $an 183 $anc 200 1 $aEvolution at the Molecular Level$fedited by Robert K. Selander, Andrew G. Clark, Thomas S. Whittam 210 $aSunderland$cSinauer associates$d1991 215 $aXXII, 350 p.$d24 cm 620 $dSunderland$3VANL000044 676 $a576.8$cEvoluzione - Astrobiologia$v22 700 1$aSelander$bRobert K.$3VANV014433$076449 701 1$aClark$bAndrew G.$3VANV012637$076448 701 1$aWhittam$bThomas S.$3VANV014434$076450 712 $aSinauer $3VANV108263$4650 790 1$aSelander, R. K.$zSelander, Robert K.$3VANV102378 790 1$aSelander, Robert Keith$zSelander, Robert K.$3VANV212449 790 1$aSelander, R.K.$zSelander, Robert K.$3VANV212450 790 1$aClark, A. G.$zClark, Andrew G.$3VANV101884 790 1$aClark, A.G.$zClark, Andrew G.$3VANV212451 790 1$aWhittam, T. S.$zWhittam, Thomas S.$3VANV102379 790 1$aWhittam, T.S.$zWhittam, Thomas S.$3VANV212452 801 $aIT$bSOL$c20251031$gRICA 899 $aBIBLIOTECA DEL DIPARTIMENTO DI SCIENZE E TECNOLOGIE AMBIENTALI BIOLOGICHE E FARMACEUTICHE$1IT-CE0101$2VAN17 912 $aVAN00018415 950 $aBIBLIOTECA DEL DIPARTIMENTO DI SCIENZE E TECNOLOGIE AMBIENTALI BIOLOGICHE E FARMACEUTICHE$d17CONS Ac7 $e17FMF4071 20040624 $sBuono 996 $aEvolution at the molecular level$91429036 997 $aUNICAMPANIA